Synonymes de honte - Statistiques

Statistiques générales
  • Ce quiz a été pris 40 fois
  • Le résultat moyen est 5 sur 47
Statistiques - réponses
Synonymes % Correct
gêne
76%
malaise
39%
embarras
29%
regret
26%
dégoût
21%
déshonneur
21%
remords
21%
humiliation
18%
timidité
13%
bassesse
11%
confusion
11%
crainte
11%
infamie
11%
vergogne
11%
abaissement
8%
déchéance
8%
pudeur
8%
scandale
8%
abjection
5%
abomination
5%
affront
5%
contrainte
5%
dégradation
5%
démérite
5%
échec
5%
horreur
5%
ignominie
5%
indignité
5%
opprobre
5%
répugnance
5%
réserve
5%
retenue
5%
scrupule
5%
turpitude
5%
vilenie
5%
démenti
3%
fessée
3%
flétrissure
3%
humilité
3%
insuccès
3%
modestie
3%
repentir
3%
respect
3%
tache
3%
trouble
3%
componction
0%
vitupère
0%
Aucun quiz correspondant
Distribution des résultats
% des personnes avec chaque résultat
Percentile par nombre de réponses
Votre historique - résultats
Vous n’avez pas pris ce quiz